Microsoft Office 2010 training guide : (Record no. 52426)
[ view plain ]
| 000 -LEADER | |
|---|---|
| fixed length control field | 00956nam a22002537a 4500 |
| 005 - DATE AND TIME OF LATEST TRANSACTION | |
| control field | 20110513111732.0 |
| 008 - FIXED-LENGTH DATA ELEMENTS--GENERAL INFORMATION | |
| fixed length control field | 110513t xxu||||| |||| 00| 0 eng d |
| 010 ## - LCCN (DPL NO) | |
| LC control number | ENG-102471 |
| 020 ## - INTERNATIONAL STANDARD BOOK NUMBER | |
| International Standard Book Number | 9788183334068 |
| Terms of availability | 135.00 |
| 035 ## - SYSTEM CONTROL NUMBER | |
| System control number | EN-86004 |
| 037 ## - SOURCE OF ACQUISITION | |
| Source of stock number/acquisition | DBAD/PUB |
| 040 ## - CATALOGING SOURCE | |
| Original cataloging agency | dpl |
| Language of cataloging | Eng |
| 082 ## - DEWEY DECIMAL CLASSIFICATION NUMBER | |
| Classification number | 005.5 |
| 100 ## - MAIN ENTRY--PERSONAL NAME | |
| 9 (RLIN) | 25528 |
| Personal name | Jain, Satish |
| 245 ## - TITLE STATEMENT | |
| Title | Microsoft Office 2010 training guide : |
| Statement of responsibility, etc | by Satish Jain, M.Geetha [and] Kratika |
| Remainder of title | visual approach to learning Office 2010 package / |
| 260 ## - PUBLICATION, DISTRIBUTION, ETC. (IMPRINT) | |
| Place of publication, distribution, etc | New Delhi |
| Name of publisher, distributor, etc | BPB Publications |
| Date of publication, distribution, etc | 2011 |
| 270 ## - ADDRESS | |
| Address | B-14, Connaught Place |
| City | New Delhi |
| Postal code | 110001 |
| Telephone number | 23325760, 43526249 |
| 300 ## - PHYSICAL DESCRIPTION | |
| Extent | xv, 294 p. : |
| Dimensions | 21cm (pbk) |
| Other physical details | ill |
| 500 ## - GENERAL NOTE | |
| General note | Includes index |
| 700 ## - ADDED ENTRY--PERSONAL NAME | |
| 9 (RLIN) | 28039 |
| Personal name | Geetha, M. |
| 700 ## - ADDED ENTRY--PERSONAL NAME | |
| Personal name | Kratika |
| 9 (RLIN) | 28082 |
| 942 ## - ADDED ENTRY ELEMENTS (KOHA) | |
| Source of classification or shelving scheme | Dewey Decimal Classification |
| Item type | English Books |
| Classification part | 005.5 |
| Call number suffix | JAI |
| Withdrawn status | Lost status | Source of classification or shelving scheme | Damaged status | Not for loan | Collection code | Home library | Current library | Date acquired | Source of acquisition | Cost, normal purchase price | Total Checkouts | Full call number | Barcode | Date last seen | Copy number | Cost, replacement price | Koha item type |
|---|---|---|---|---|---|---|---|---|---|---|---|---|---|---|---|---|---|
| Dewey Decimal Classification | Not For Loan | Non-fiction | D.B.Act.Division | D.B.Act.Division | 13/05/2011 | DBAD/PUB | 135.00 | 805.5 JAI | EN-86004 | 13/05/2011 | 1 | 135.00 | English Books |
